| 000 | 00562nam a2200169Ia 4500 | ||
|---|---|---|---|
| 008 | 090711s9999 xx 000 0 und d | ||
| 082 | _b7494 | ||
| 100 | _aपुर्नवसु शशिकांत | ||
| 245 | _aऊब आणि गारठा | ||
| 260 |
_bमौज प्रकाशन _c1957 |
||
| 300 | _a159 | ||
| 600 | _aपुर्नवसु शशिकांत | ||
| 630 | _aऊब आणि गारठा | ||
| 700 | _aपुर्नवसु शशिकांत | ||
| 730 | _aऊब आणि गारठा | ||
| 942 | _cBOOK | ||
| 999 |
_c289388 _d289388 |
||